000 01073nam a22003377a 4500
001 BR7311289
003 BR-BrBNA
005 20230928084237.0
007 ta
008 230509b bl.||||| |||| 00| 0 por d
040 _aBR-BrBNA
_bpor
_cBiblioteca Nacional de Agricultura
041 _a(Por)
072 _aE30; F00
_b0430
_b0150
_b1410
_b0120
_b0170
_b0331
_b/G514
090 _ 0430 BR7311289
110 1 _aInstituto de Pesquisa Agropecuaria do Leste, Cruz das Almas, BA (Brasil)
_96080
245 1 _aPrograma PROTERRA. Relatorio marco/abril de 1973 [Programa de Redistribuicao de Terras e de Estimulos a Agroindustria do Norte e Nordeste, algodao, arroz, feijao, milho, sorgo, mamona, Brasil]
260 3 _aCruz das Almas, BA (Brasil):
_c1973.
300 _a47 p.
500 _a33 tables
650 _aPROJETO DE DESENVOLVIMENTO
650 _aALGODAO
650 _aARROZ
650 _aFEIJAO
650 _aMILHO
650 _aSORGO
650 _aMAMONA
650 _aBAHIA
650 _aSERGIPE
909 _a202309
_bLucia
_c55
_dLucia Elande
942 _cBK
999 _c17667
_d17667